[Event "Udine Oro Caffe op 2nd"]
[Site "Udine"]
[Date "2009.07.07"]
[Round "2"]
[White "Visintin, Roberto"]
[Black "Tiengo, Davide"]
[Result "1-0"]
[WhiteElo "2033"]
[BlackElo "2118"]
[PlyCount "59"]
[EventDate "2009.07.06"]
[EventType "swiss"]
[EventRounds "7"]
[EventCountry "ITA"]
[SourceTitle "EXT 2011"]
[Source "ChessBase"]
[SourceDate "2010.11.26"]
[SourceVersion "1"]
[SourceVersionDate "2010.11.26"]
[SourceQuality "1"]

1. Nf3 Nf6 2. d4 g6 3. Bf4 Bg7 4. e3 0-0 5. h3 d6 6. Nbd2 Nbd7 7. Be2 c5 8. c3 b6 9. 0-0 Bb7 10. a4 Ne4 11. Nxe4 Bxe4 12. Nd2 Bb7 13. Bf3 Bxf3 14. Qxf3 cxd4 15. exd4 e5 16. dxe5 dxe5 17. Be3 Qc7 18. Qd5 Nf6 19. Qb5 Rfd8 20. c4 Rac8 21. b3 Nh5 22. a5 bxa5 23. Qxa5 Qc6 24. Ra2 Rd3 25. Rc2 Rcd8 26. Qxa7 Nf4 27. Bxf4 exf4 28. Qa5 Qd7 29. Ne4 Rxb3 30. Nc5 1-0

[Event "Udine Oro Caffe op 2nd"]
[Site "Udine"]
[Date "2009.07.06"]
[Round "1"]
[White "Tiengo, Davide"]
[Black "Maestri, Roberto"]
[Result "1-0"]
[WhiteElo "2118"]
[BlackElo "1651"]
[PlyCount "81"]
[EventDate "2009.07.06"]
[EventType "swiss"]
[EventRounds "7"]
[EventCountry "ITA"]
[SourceTitle "EXT 2011"]
[Source "ChessBase"]
[SourceDate "2010.11.26"]
[SourceVersion "1"]
[SourceVersionDate "2010.11.26"]
[SourceQuality "1"]

1. d4 Nf6 2. Nf3 g6 3. g3 Bg7 4. c4 0-0 5. Bg2 d6 6. 0-0 Bf5 7. Nc3 Nc6 8. d5 Nb4 9. Nd4 Qd7 10. Nxf5 Qxf5 11. e4 Qd7 12. a3 Na6 13. Be3 Ng4 14. Bd4 Bxd4 15. Qxd4 Nc5 16. Rae1 Ne5 17. f4 Nb3 18. Qd1 Nxc4 19. Qxb3 Nd2 20. Qa4 Qxa4 21. Nxa4 Nxf1 22. Rxf1 Rfc8 23. Bh3 Rf8 24. Rc1 b5 25. Nc3 a6 26. Ne2 Ra7 27. Nd4 Kg7 28. Nc6 Rb7 29. Kf2 f5 30. exf5 gxf5 31. Nxe7 b4 32. Nxf5+ Kg6 33. Nd4 bxa3 34. bxa3 Rb2+ 35. Kf3 Rf7 36. Be6 Re7 37. h3 Rd2 38. Nf5 Rxe6 39. dxe6 Rd3+ 40. Kg4 Rd5 41. Ne7+ 1-0

[Event "Perugia op"]
[Site "Perugia"]
[Date "2009.07.01"]
[Round "6"]
[White "Vuelban, Virgilio"]
[Black "Tiengo, Davide"]
[Result "1-0"]
[WhiteElo "2422"]
[BlackElo "2118"]
[PlyCount "65"]
[EventDate "2009.06.27"]
[EventType "swiss"]
[EventRounds "9"]
[EventCountry "ITA"]
[SourceTitle "EXT 2010"]
[Source "ChessBase"]
[SourceDate "2010.11.25"]
[SourceVersion "1"]
[SourceVersionDate "2010.11.25"]
[SourceQuality "1"]

1. e4 c5 2. Nf3 Nc6 3. d4 cxd4 4. Nxd4 Nf6 5. Nc3 e5 6. Ndb5 d6 7. Bg5 a6 8. Na3 b5 9. Bxf6 gxf6 10. Nd5 Bg7 11. c3 Be6 12. Nc2 f5 13. exf5 Bxf5 14. Nce3 Be6 15. Qf3 0-0 16. Bd3 Kh8 17. g4 Ne7 18. h4 Nxd5 19. Nxd5 Bxd5 20. Qxd5 e4 21. Bxe4 Re8 22. Qf5 Rxe4+ 23. Qxe4 d5 24. Qd3 Qe7+ 25. Qe3 Qd7 26. 0-0-0 Re8 27. Rxd5 Qc6 28. Qc5 Qe6 29. Rhd1 Qxg4 30. Rd8 Bh6+ 31. Kb1 Qe4+ 32. Ka1 Bg7 33. Qc8 1-0

[Event "Brescia op"]
[Site "Brescia"]
[Date "2009.06.09"]
[Round "4"]
[White "Tiengo, Davide"]
[Black "Vuelban, Virgilio"]
[Result "0-1"]
[WhiteElo "2070"]
[BlackElo "2422"]
[PlyCount "26"]
[EventDate "2009.06.06"]
[EventType "swiss"]
[EventRounds "9"]
[EventCountry "ITA"]
[SourceTitle "EXT 2010"]
[Source "ChessBase"]
[SourceDate "2010.11.25"]
[SourceVersion "1"]
[SourceVersionDate "2010.11.25"]
[SourceQuality "1"]

1. d4 Nf6 2. Nf3 g6 3. c4 Bg7 4. Nc3 0-0 5. e4 d6 6. Be2 e5 7. Be3 Ng4 8. Bg5 f6 9. Bc1 f5 10. d5 Nxf2 11. Kxf2 fxe4 12. Nxe4 Qh4+ 13. Ke3 Bh6+ 0-1

[Event "Brescia op"]
[Site "Brescia"]
[Date "2009.06.07"]
[Round "2"]
[White "Rasmussen, Allan Stig"]
[Black "Tiengo, Davide"]
[Result "1-0"]
[WhiteElo "2501"]
[BlackElo "2070"]
[PlyCount "63"]
[EventDate "2009.06.06"]
[EventType "swiss"]
[EventRounds "9"]
[EventCountry "ITA"]
[SourceTitle "EXT 2010"]
[Source "ChessBase"]
[SourceDate "2010.11.25"]
[SourceVersion "1"]
[SourceVersionDate "2010.11.25"]
[SourceQuality "1"]

1. e4 c5 2. Nf3 Nc6 3. d4 cxd4 4. Nxd4 e5 5. Nb5 d6 6. c4 a6 7. N5c3 Nf6 8. Na3 Be7 9. Nc2 Be6 10. Be2 0-0 11. 0-0 Rb8 12. Be3 Re8 13. Rc1 Nd7 14. Qd2 Qa5 15. a3 f5 16. b4 Qd8 17. exf5 Bxf5 18. Nd5 Nf6 19. b5 axb5 20. cxb5 Ne4 21. Qd1 Bf8 22. f3 Nd4 23. fxe4 Nxe2+ 24. Qxe2 Bxe4 25. Bb6 Bxd5 26. Bxd8 Rbxd8 27. Nb4 Bf7 28. Rxf7 Kxf7 29. Rc7+ Kg8 30. Nd5 Ra8 31. Qh5 e4 32. Nf6+ 1-0

[Event "Pedavena op-A 2nd"]
[Site "Pedavena"]
[Date "2006.08.05"]
[Round "7"]
[White "Luciani, Valerio"]
[Black "Tiengo, Davide"]
[Result "1-0"]
[WhiteElo "2232"]
[BlackElo "2091"]
[PlyCount "45"]
[EventDate "2006.08.01"]
[EventType "swiss"]
[EventRounds "7"]
[EventCountry "ITA"]
[SourceTitle "EXT 2023"]
[Source "ChessBase"]
[SourceDate "2022.10.05"]
[SourceVersion "1"]
[SourceVersionDate "2022.10.05"]
[SourceQuality "1"]

1. d4 Nf6 2. c4 g6 3. Nc3 Bg7 4. e4 d6 5. f3 0-0 6. Be3 e5 7. Nge2 exd4 8. Nxd4 Nc6 9. Qd2 Ne5 10. Be2 Be6 11. b3 a5 12. 0-0 Qe7 13. Rae1 Rfc8 14. Bg5 Qe8 15. f4 Nc6 16. Nxc6 Qxc6 17. f5 gxf5 18. exf5 Bd7 19. Bh6 Ne4 20. Nxe4 Qxe4 21. Bxg7 Kxg7 22. Qg5+ Kh8 23. Qf6+ 1-0

[Event "Pedavena op-A 2nd"]
[Site "Pedavena"]
[Date "2006.08.04"]
[Round "5"]
[White "Colombo, Sandro"]
[Black "Tiengo, Davide"]
[Result "0-1"]
[WhiteElo "1864"]
[BlackElo "2091"]
[PlyCount "52"]
[EventDate "2006.08.01"]
[EventType "swiss"]
[EventRounds "7"]
[EventCountry "ITA"]
[SourceTitle "EXT 2023"]
[Source "ChessBase"]
[SourceDate "2022.10.05"]
[SourceVersion "1"]
[SourceVersionDate "2022.10.05"]
[SourceQuality "1"]

1. c4 Nf6 2. Nc3 g6 3. e4 d6 4. d4 Bg7 5. Be2 0-0 6. Bg5 h6 7. Be3 e5 8. d5 Ne8 9. Qd2 Kh7 10. f4 exf4 11. Bxf4 Qh4+ 12. g3 Qe7 13. Bd3 Nf6 14. 0-0-0 Ng4 15. Nf3 Nd7 16. h4 Nde5 17. Bxe5 Nxe5 18. Ng5+ hxg5 19. hxg5+ Kg8 20. Qh2 Qxg5+ 21. Kc2 Re8 22. Nb5 Re7 23. Qh7+ Kf8 24. Qh8+ Bxh8 25. Rxh8+ Kg7 26. Rdh1 Nxd3 0-1

[Event "Pedavena op-A 2nd"]
[Site "Pedavena"]
[Date "2006.08.03"]
[Round "4"]
[White "Tiengo, Davide"]
[Black "Dussin, Davide"]
[Result "1-0"]
[WhiteElo "2091"]
[BlackElo "1823"]
[PlyCount "47"]
[EventDate "2006.08.01"]
[EventType "swiss"]
[EventRounds "7"]
[EventCountry "ITA"]
[SourceTitle "EXT 2023"]
[Source "ChessBase"]
[SourceDate "2022.10.05"]
[SourceVersion "1"]
[SourceVersionDate "2022.10.05"]
[SourceQuality "1"]

1. d4 Nf6 2. c4 g6 3. Nc3 Bg7 4. Bg5 d6 5. Qd2 0-0 6. Bh6 Nbd7 7. Bxg7 Kxg7 8. e3 c5 9. d5 Ne5 10. f4 Neg4 11. h3 Nh6 12. g4 Ne8 13. 0-0-0 e6 14. e4 exd5 15. exd5 Nxg4 16. hxg4 Bxg4 17. Be2 Nf6 18. Bxg4 Nxg4 19. Nf3 Re8 20. Rdg1 h5 21. Nh2 f5 22. Nxg4 hxg4 23. Nb5 Re4 24. Qc3+ 1-0

[Event "Pedavena op-A 2nd"]
[Site "Pedavena"]
[Date "2006.08.02"]
[Round "3"]
[White "Marson, Antonio"]
[Black "Tiengo, Davide"]
[Result "1/2-1/2"]
[WhiteElo "1837"]
[BlackElo "2091"]
[PlyCount "99"]
[EventDate "2006.08.01"]
[EventType "swiss"]
[EventRounds "7"]
[EventCountry "ITA"]
[SourceTitle "EXT 2023"]
[Source "ChessBase"]
[SourceDate "2022.10.05"]
[SourceVersion "1"]
[SourceVersionDate "2022.10.05"]
[SourceQuality "1"]

1. d4 Nf6 2. Bf4 c5 3. c3 Qb6 4. Qc2 d5 5. e3 e6 6. Nf3 Nc6 7. Nbd2 Nh5 8. Bg3 g6 9. Be2 cxd4 10. Nxd4 Nxg3 11. hxg3 e5 12. Nxc6 bxc6 13. Nf3 Bg7 14. Nd2 0-0 15. 0-0 a5 16. a4 e4 17. Rfb1 Ba6 18. Bxa6 Qxa6 19. Nb3 Rab8 20. Nd4 Rb7 21. Ra2 Rfb8 22. Qe2 Qc4 23. b3 Qc5 24. Rab2 Bxd4 25. cxd4 Qb4 26. Qc2 Rb6 27. Rc1 Qa3 28. Rcb1 Qe7 29. Qc3 Qb4 30. Qc2 h5 31. Rc1 Qa3 32. Rcb1 Qe7 33. Qc3 Qb4 34. Qc2 Kg7 35. Rc1 Qa3 36. Rcb1 Qe7 37. Qc3 Qb4 38. Qc2 Rh8 39. Rc1 h4 40. gxh4 Qe7 41. g3 Qf6 42. Qe2 Qe6 43. Kg2 g5 44. Rh1 Rbb8 45. h5 g4 46. Rh4 f5 47. Qe1 Rb4 48. Qc3 Qd6 49. Rc2 Rh6 50. Qc5 1/2-1/2

[Event "Veneto-ch qf 63rd"]
[Site "Arqua Petrarca"]
[Date "2003.05.03"]
[Round "1.16"]
[White "Tiengo, Davide"]
[Black "Ballarin, Gabriele"]
[Result "1-0"]
[WhiteElo "1958"]
[BlackElo "1582"]
[PlyCount "77"]
[EventDate "2003.05.03"]
[EventType "swiss"]
[EventRounds "6"]
[EventCountry "ITA"]
[SourceTitle "EXT 2024"]
[Source "ChessBase"]
[SourceDate "2023.10.10"]
[SourceVersion "1"]
[SourceVersionDate "2023.10.10"]
[SourceQuality "1"]

1. d4 e6 2. c4 Nf6 3. Nf3 b6 4. a3 Bb7 5. Nc3 d5 6. cxd5 exd5 7. Bg5 Be7 8. Qa4+ c6 9. Qc2 0-0 10. e3 Re8 11. Bd3 Nbd7 12. 0-0-0 Rc8 13. Kb1 c5 14. h4 cxd4 15. exd4 Nf8 16. Bb5 Bc6 17. Ba6 Rc7 18. Ne5 Ba8 19. Bb5 N6d7 20. Qf5 f6 21. Bxd7 g6 22. Qh3 fxe5 23. Bxe8 Bxg5 24. hxg5 Qxe8 25. dxe5 Qxe5 26. Qg4 Rxc3 27. bxc3 Qxc3 28. Qb4 Qxb4+ 29. axb4 Ne6 30. Rhe1 Kf7 31. Re5 d4 32. Rde1 Ng7 33. Re7+ Kf8 34. Rxa7 Bxg2 35. Rc1 d3 36. Rc8+ Ne8 37. Rxh7 Be4 38. Kc1 Bf5 39. Rh8+ 1-0